Concrete with Non-Bio Degradable Waste and Supplementary (Record no. 16622)
[ view plain ]
| 000 -LEADER | |
|---|---|
| fixed length control field | 00271nam a22001097a 4500 |
| 082 ## - DEWEY DECIMAL CLASSIFICATION NUMBER | |
| Classification number | 624.1834VEN |
| 100 ## - MAIN ENTRY--AUTHOR NAME | |
| Personal name | Venu, M |
| 245 ## - TITLE STATEMENT | |
| Title | Concrete with Non-Bio Degradable Waste and Supplementary |
| 260 ## - PUBLICATION, DISTRIBUTION, ETC. (IMPRINT) | |
| Place of publication | New Delhi: |
| Name of publisher | Mcgraw-Hill, |
| Year of publication | 2015. |
| 300 ## - PHYSICAL DESCRIPTION | |
| Number of Pages | 204p. ; |
| 942 ## - ADDED ENTRY ELEMENTS (KOHA) | |
| Koha item type | Books |
| Withdrawn status | Lost status | Home library | Current library | Date acquired | Cost, normal purchase price | Full call number | Accession Number | Koha item type |
|---|---|---|---|---|---|---|---|---|
| Central Library, QUEST, Nawabshah | Central Library, QUEST, Nawabshah | 18/07/2016 | 6173.00 | 624.1834VEN | 54336 | Books |